| 000 | 00984nam a2200241Ia 4500 | ||
|---|---|---|---|
| 999 |
_c39648 _d39648 |
||
| 001 | 6248 | ||
| 003 | GE_BSU | ||
| 005 | 20200214161831.0 | ||
| 008 | 181216s2011||||ge |||||||||||||| ||geo|| | ||
| 010 | _a9789941431289 | ||
| 040 | _cGE_BSU | ||
| 041 | _ageo | ||
| 080 | _a821.133.1-31 კ-74 | ||
| 100 |
_aკოენი, ალბერ _97093 |
||
| 245 |
_aდედაჩემი : _bრომანი / _cალბერ კოენი ; მთარგმნ. მარინე ჭილაშვილი ; მხატვ. ნინო ლომსაძე. |
||
| 264 |
_aთბილისი _bელფის გამ-ბა, _c2011. |
||
| 300 |
_a180 გვ. : _bილ. ; _c22 სმ. |
||
| 653 | _aდედაჩემი | ||
| 653 | _aრომანი | ||
| 700 |
_aჭილაშვილი, მარინე _eმთარგმნელი _97094 |
||
| 700 |
_aლომსაძე, ნინო _eმხატვარი _97095 |
||
| 942 |
_cBK _2udc |
||